000 02026nam a2200265 a 4500
005 20250329191108.0
008 030306s2019 fr 000 0 spa d
020 _a9789585427174
040 _aCO-CtgCURN
_bspa
_ccoctgcurn
082 0 4 _a591
_bM425
_221
245 0 0 _aMatawäni deiyu isotu :
_banimales de la selva de matavén /
_ceditores Mariela Osorno Muñoz, Giógenes Fuentes Sánchez, Eneido Fuentes Sánchez ; fotografías Darwin Morales [y otros doce].
260 _aBogotá :
_bInstituto Amazónico de Investigaciones Científicas SINCHI,
_c2019.
300 _a151 páginas :
_bilustraciones, mapas, fotografías (principalmente a color), mapas.
520 8 _aEsta cartilla contiene la información de algunos animales, aves, reptiles, anfibios, mamíferos de la Selva de Matavén, muestra su hábitat, su alimentación, la voz y su color, el nombre tradicional en Piaroa y el nombre científico. Es para enseñar a la nueva generación y para la recuperación de los nombres de animales que saben los adultos, de esta manera mantener de generación en generación. Muestra la cultura viva y los seres vivos que contiene nuestro territorio. Se hizo un acuerdo con el Instituto SINCHI para el estudio y la investigación científica, invitamos a todas las comunidades a divulgar todos los nombres de los animales que contempla esta cartilla, a los responsables, padres de familias, profesores y líderes a comprometerse para mantener la cultura viva.
650 1 7 _aZoología
_zColombia.
_2LEMB
650 1 7 _aAnimales
_vClasificación
_zColombia.
_2LEMB
650 1 7 _aPiaroa (Lengua indígena)
_vEnseñanza.
_2LEMB
650 1 7 _aTradición oral
_vEnseñanza
_zSelva de Matavén
_zOrinoquía
_zColombia.
_2LEMB
700 1 _aFuentes Sánchez, Eneido,
_eeditor.
700 1 _aFuentes Sánchez, Giógenes,
_eeditor.
700 1 _aMorales, Darwin,
_efotografo.
700 1 _aOsorno Muñoz, Mariela,
_efotografo.
942 _aMHC
_2ddc
_cBK
_h591
_iM425
_p023408
999 _c15287
_d15287